Revisión a estudio de pre-factibilidad para la construcción del tramo de carretera Embarcadero Marota-Tempisquiapa (9.57 kms)

El proyecto es una alternativa de desarrollo de las comunidades ubicadas en el área de influencia e indirectamente para los pobladores de Puerto Morazán y El Viejo, ya que la problemática central es el camino en mal estado y limita el desarrollo económico de la comunidad y el municipio, otro efe...

Full description

Bibliographic Details
Main Authors: García Benavides, Augusto Cesar, Ruíz Guerra, José Adán, Peralta Montiel, Jonathan Roberto
Other Authors: Tutor: Eslaquit Aragón, Juan Miguel
Format: Tesis Section = Libro
Language:Undetermined
Spanish
Published: Managua UNI 2017
Subjects:
LEADER 01528nam a2200301Ia 4500
008 240830s9999 xx 000 0 und d
040 |a BIBLIOTECA-RUSB/ M.Mon 625.85 G216 
041 |a spa 
082 |a M.Mon 625.85 G216 
100 1 |a García Benavides, Augusto Cesar 
100 1 |b Ruíz Guerra, José Adán 
100 1 |c Peralta Montiel, Jonathan Roberto 
245 1 0 |a Revisión a estudio de pre-factibilidad para la construcción del tramo de carretera Embarcadero Marota-Tempisquiapa (9.57 kms) 
260 |a Managua  |b UNI  |c 2017 
300 |a 172 p. :il. 
500 |a Contiene: anexos e Incluye: CD. 
502 |a Tesis (Máster en Gerencia de Proyectos de Desarrollo) - UNI, 2017. 
520 3 |a El proyecto es una alternativa de desarrollo de las comunidades ubicadas en el área de influencia e indirectamente para los pobladores de Puerto Morazán y El Viejo, ya que la problemática central es el camino en mal estado y limita el desarrollo económico de la comunidad y el municipio, otro efecto ocasionado es la peligrosidad de los caminos con respecto al transporte, debido a baches e inundaciones que frecuentemente se dan. 
650 7 |a PAVIMENTOS-DISEÑO Y CONSTRUCCION 
650 7 |b  MANTENIMIENTO Y REPARACION DE CARRETERAS 
650 7 |c  PAVIMENTOS DE ASFACTOS 
650 7 |d  MATERIALES DE CONSTRUCCION 
650 7 |e  ESTUDIO DE FACTIBILIDAD 
650 7 |f ESTUDIO DE IMPACTO AMBIENTAL 
700 1 |a Tutor:  |b Eslaquit Aragón, Juan Miguel 
942 |c BK  |2 ddc 
991 |a TESIS 
999 |c 19309